[Event "IBCA EU-chT blind 03rd"]
[Site "Genova"]
[Date "2023.04.29"]
[Round "9.2"]
[White "Culjak, Miso"]
[Black "Schellmann, Frank"]
[Result "0-1"]
[WhiteElo "1705"]
[BlackElo "1936"]
[PlyCount "122"]
[EventDate "2023.04.20"]
[EventType "team-swiss"]
[EventRounds "9"]
[EventCountry "ITA"]
[SourceTitle "CBM 213 Extra"]
[Source "ChessBase"]
[SourceDate "2023.05.31"]
[SourceVersion "1"]
[SourceVersionDate "2023.05.31"]
[SourceQuality "1"]
[WhiteTeam "Croatia"]
[BlackTeam "Germany"]
[WhiteTeamCountry "CRO"]
[BlackTeamCountry "GER"]

1. d4 Nf6 2. c4 g6 3. Nf3 Bg7 4. e3 0-0 5. Be2 c5 6. 0-0 cxd4 7. exd4 d5 8. b3 Nc6 9. Bb2 Bf5 10. a3 dxc4 11. bxc4 Qb6 12. Qc1 Ne4 13. c5 Nxc5 14. dxc5 Qxb2 15. Qxb2 Bxb2 16. Ra2 Bf6 17. h3 Rac8 18. Nbd2 Nd4 19. Nxd4 Bxd4 20. Bg4 Bxg4 21. hxg4 Bxc5 22. Rb1 b6 23. a4 Rfd8 24. Nb3 Bb4 25. a5 bxa5 26. Nxa5 Bxa5 27. Rxa5 Rc7 28. Rba1 Rdd7 29. g3 h6 30. R1a2 Kg7 31. Kg2 e6 32. Kh3 Kf6 33. Kg2 Ke7 34. Kh3 Rb7 35. f4 f5 36. gxf5 gxf5 37. Kh4 Kf6 38. g4 fxg4 39. Kxg4 Rg7+ 40. Kf3 Rb3+ 41. Kf2 Rg4 42. Rxa7 Rxf4+ 43. Kg2 Rb5 44. R7a3 Rg5+ 45. Rg3 Rff5 46. Ra8 Rxg3+ 47. Kxg3 h5 48. Rb8 Ra5 49. Rh8 Ra3+ 50. Kh4 Ra1 51. Rh6+ Ke7 52. Rxh5 Rh1+ 53. Kg4 Rxh5 54. Kxh5 Kf6 55. Kg4 Ke5 56. Kf3 Kd4 57. Ke2 Ke4 58. Ke1 Ke3 59. Kf1 e5 60. Ke1 e4 61. Kf1 Kd2 0-1

[Event "IBCA EU-chT blind 03rd"]
[Site "Genova"]
[Date "2023.04.21"]
[Round "2.2"]
[White "Stachanczyk, Jacek"]
[Black "Schellmann, Frank"]
[Result "1/2-1/2"]
[WhiteElo "2159"]
[BlackElo "1936"]
[PlyCount "95"]
[EventDate "2023.04.20"]
[EventType "team-swiss"]
[EventRounds "9"]
[EventCountry "ITA"]
[SourceTitle "CBM 213 Extra"]
[Source "ChessBase"]
[SourceDate "2023.05.31"]
[SourceVersion "1"]
[SourceVersionDate "2023.05.31"]
[SourceQuality "1"]
[WhiteTeam "Poland"]
[BlackTeam "Germany"]
[WhiteTeamCountry "POL"]
[BlackTeamCountry "GER"]

1. e4 e5 2. Nf3 Nc6 3. Bb5 a6 4. Ba4 Nf6 5. 0-0 Be7 6. Re1 b5 7. Bb3 d6 8. c3 0-0 9. h3 Bb7 10. d4 Re8 11. Nbd2 Bf8 12. a4 h6 13. Bc2 exd4 14. cxd4 Nb4 15. Bb1 c5 16. d5 Nd7 17. Ra3 c4 18. axb5 axb5 19. Rxa8 Qxa8 20. Nd4 Qa5 21. Nf1 Nd3 22. Bxd3 cxd3 23. Bd2 Qa4 24. Qxa4 bxa4 25. f3 g6 26. Ra1 Ra8 27. Bc3 Nc5 28. Nd2 f5 29. b4 axb3 30. Rxa8 Bxa8 31. N4xb3 Nxb3 32. Nxb3 fxe4 33. fxe4 Bb7 34. Kf2 h5 35. Bd4 Ba6 36. Nd2 Bh6 37. Be3 Bg7 38. Nf3 Kf7 39. Bf4 Bc3 40. Bd2 Bf6 41. Bb4 Be7 42. h4 Ke8 43. Ke3 Bb5 44. g3 Ba6 45. Kd2 Bb5 46. Ke1 Bd7 47. Kd2 Bb5 48. Ke3 1/2-1/2

[Event "IBCA World-chT blind 9th"]
[Site "Ohrid"]
[Date "2022.06.30"]
[Round "3.1"]
[White "Culjak, Miso"]
[Black "Schellmann, Frank"]
[Result "1-0"]
[WhiteElo "1675"]
[BlackElo "2009"]
[PlyCount "75"]
[EventDate "2022.06.28"]
[EventType "team-swiss"]
[EventRounds "9"]
[EventCountry "MKD"]
[SourceTitle "EXT 2024"]
[Source "ChessBase"]
[SourceDate "2023.10.10"]
[SourceVersion "1"]
[SourceVersionDate "2023.10.10"]
[SourceQuality "1"]
[WhiteTeam "Croatia"]
[BlackTeam "Germany"]
[WhiteTeamCountry "CRO"]
[BlackTeamCountry "GER"]

1. Nf3 f5 2. d4 Nf6 3. c4 g6 4. Nc3 d6 5. e3 Bg7 6. b4 0-0 7. Be2 c5 8. a3 Ne4 9. Bb2 Nxc3 10. Bxc3 e6 11. 0-0 Qe7 12. Re1 Nd7 13. Rc1 b6 14. Qb3 e5 15. dxe5 dxe5 16. Qb2 e4 17. Bxg7 Qxg7 18. Qxg7+ Kxg7 19. Nd2 a5 20. b5 Ne5 21. f4 Nf7 22. Nb1 Be6 23. Red1 Rfd8 24. Nc3 Rd6 25. Rxd6 Nxd6 26. Nd5 Bxd5 27. cxd5 Rc8 28. a4 Kf6 29. Kf2 c4 30. Ke1 Rc5 31. Rc2 c3 32. g4 g5 33. h3 h6 34. Kf2 Nc8 35. gxf5 Ne7 36. d6 Nd5 37. Bg4 h5 38. fxg5+ 1-0

[Event "Erfurt op-A 29th"]
[Site "Erfurt"]
[Date "2019.12.29"]
[Round "7"]
[White "Ruppert, Wolfgang"]
[Black "Schellmann, Frank"]
[Result "1-0"]
[WhiteElo "2169"]
[BlackElo "1992"]
[PlyCount "53"]
[EventDate "2019.12.26"]
[EventType "swiss"]
[EventRounds "8"]
[EventCountry "GER"]
[SourceTitle "CBM 194 Extra"]
[Source "ChessBase"]
[SourceDate "2020.03.31"]
[SourceVersion "1"]
[SourceVersionDate "2020.03.31"]
[SourceQuality "1"]

1. d4 Nf6 2. Bf4 g6 3. Nc3 d5 4. e3 Bg7 5. h4 0-0 6. h5 c6 7. hxg6 fxg6 8. Qd2 b5 9. f3 Nbd7 10. g4 Qe8 11. Qh2 b4 12. Nce2 c5 13. Nh3 h5 14. Ng5 Nb6 15. gxh5 Nxh5 16. Ng3 e5 17. Nxh5 gxh5 18. dxe5 Rf5 19. Bd3 Rxg5 20. Bxg5 c4 21. Be2 Qxe5 22. Qxe5 Bxe5 23. Kf2 Bf5 24. Rag1 Kf8 25. Bh6+ Ke7 26. Rg5 Ke6 27. Rhxh5 1-0

[Event "Erfurt op-A 29th"]
[Site "Erfurt"]
[Date "2019.12.29"]
[Round "6"]
[White "Schellmann, Frank"]
[Black "Payyappat, Sayas"]
[Result "1/2-1/2"]
[WhiteElo "1992"]
[BlackElo "2166"]
[PlyCount "77"]
[EventDate "2019.12.26"]
[EventType "swiss"]
[EventRounds "8"]
[EventCountry "GER"]
[SourceTitle "CBM 194 Extra"]
[Source "ChessBase"]
[SourceDate "2020.03.31"]
[SourceVersion "1"]
[SourceVersionDate "2020.03.31"]
[SourceQuality "1"]

1. e4 e5 2. Nf3 Nc6 3. Bc4 Bc5 4. c3 Nf6 5. d3 0-0 6. 0-0 d6 7. Bb3 h6 8. Re1 Re8 9. h3 a6 10. Nbd2 Be6 11. Nf1 Bxb3 12. Qxb3 Qd7 13. Be3 Bxe3 14. Nxe3 b6 15. Rad1 Rad8 16. Nd5 Nxd5 17. Qxd5 Ne7 18. Qb3 Ng6 19. d4 exd4 20. cxd4 Re6 21. d5 Rf6 22. e5 dxe5 23. Nxe5 Qf5 24. Ng4 Rfd6 25. Ne3 Qg5 26. Qc4 Ne5 27. Qe4 Rf6 28. h4 Qf4 29. Qxf4 Rxf4 30. b3 Rf6 31. Re2 g6 32. Rc1 c6 33. dxc6 Rxc6 34. Rec2 Rcd6 35. Rc8 Kg7 36. Rxd8 Rxd8 37. Rc2 Rd4 38. g3 h5 39. Kg2 1/2-1/2

[Event "IBCA EU-chT blind 2nd"]
[Site "Calimanesti"]
[Date "2019.10.11"]
[Round "7.1"]
[White "Boer, Jan"]
[Black "Schellmann, Frank"]
[Result "0-1"]
[WhiteElo "1695"]
[BlackElo "2005"]
[PlyCount "108"]
[EventDate "2019.10.05"]
[EventType "team-swiss"]
[EventRounds "9"]
[EventCountry "ROU"]
[SourceTitle "CBM 192 Extra"]
[Source "Chessbase"]
[SourceDate "2019.11.06"]
[SourceVersion "1"]
[SourceVersionDate "2019.11.06"]
[SourceQuality "1"]
[WhiteTeam "Netherlands"]
[BlackTeam "Germany"]
[WhiteTeamCountry "NED"]
[BlackTeamCountry "GER"]

1. d4 f5 2. e4 fxe4 3. f3 d5 4. fxe4 dxe4 5. Bc4 Nf6 6. Nc3 Nc6 7. Nge2 Bf5 8. 0-0 e6 9. h3 Qd7 10. Be3 Nd5 11. Bg5 h6 12. Bc1 0-0-0 13. Ng3 Nb6 14. d5 Bc5+ 15. Kh1 Nxc4 16. dxc6 Qxd1 17. cxb7+ Kxb7 18. Rxd1 Rxd1+ 19. Nxd1 Bd6 20. Nxf5 exf5 21. b3 Be5 22. Rb1 Nb6 23. c4 Rf8 24. Ne3 f4 25. Ng4 Bc3 26. Bb2 Bxb2 27. Rxb2 Rd8 28. Kg1 e3 29. Re2 Rd1+ 30. Kh2 Nd7 31. Nxe3 fxe3 32. Rxe3 Nf6 33. a4 Kc6 34. Re7 Rd7 35. Re5 Kd6 36. Re3 Re7 37. c5+ Kd7 38. Rd3+ Kc6 39. b4 Re4 40. b5+ Kxc5 41. Rc3+ Kb6 42. Rc6+ Kb7 43. a5 Re5 44. a6+ Kb8 45. Rc3 Rxb5 46. Rd3 Kc8 47. g4 c5 48. Ra3 c4 49. Rc3 Rc5 50. Kg2 Nd5 51. Rc1 c3 52. Kf3 c2 53. Ke2 Nb4 54. Kd2 Nxa6 0-1

[Event "IBCA EU-chT blind 2nd"]
[Site "Calimanesti"]
[Date "2019.10.08"]
[Round "4.2"]
[White "Trkaljanov, Vladimir"]
[Black "Schellmann, Frank"]
[Result "1-0"]
[WhiteElo "2129"]
[BlackElo "2005"]
[PlyCount "83"]
[EventDate "2019.10.05"]
[EventType "team-swiss"]
[EventRounds "9"]
[EventCountry "ROU"]
[SourceTitle "CBM 192 Extra"]
[Source "Chessbase"]
[SourceDate "2019.11.06"]
[SourceVersion "1"]
[SourceVersionDate "2019.11.06"]
[SourceQuality "1"]
[WhiteTeam "Macedonia"]
[BlackTeam "Germany"]
[WhiteTeamCountry "MKD"]
[BlackTeamCountry "GER"]

1. e4 e5 2. Nc3 Nf6 3. f4 d5 4. fxe5 Nxe4 5. d3 Nxc3 6. bxc3 d4 7. Nf3 Nc6 8. Be2 Bc5 9. c4 Bb4+ 10. Bd2 Bxd2+ 11. Qxd2 Qe7 12. 0-0 0-0 13. Qf4 f6 14. Nxd4 Qc5 15. c3 Qxe5 16. Rab1 a6 17. Kh1 b6 18. Nb3 Ne7 19. d4 Ng6 20. Qf2 Bd7 21. Bf3 Rae8 22. c5 Qe3 23. Qg3 Kh8 24. c6 Bf5 25. Rbc1 Bd3 26. Rfe1 Qf4 27. Rxe8 Rxe8 28. Re1 Rxe1+ 29. Qxe1 Qd6 30. Qe8+ Nf8 31. Qf7 Bg6 32. Qc4 Qe7 33. Qf1 Qe3 34. Qc1 Qf2 35. Qd1 Bc2 36. Qe2 Qxe2 37. Bxe2 Be4 38. Bf3 Bxf3 39. gxf3 Ne6 40. d5 Nf8 41. Nd4 Kg8 42. d6 1-0

[Event "IBCA Wch blind 14th"]
[Site "Cagliari"]
[Date "2019.04.10"]
[Round "5"]
[White "Nizam, Rasim"]
[Black "Schellmann, Frank"]
[Result "1-0"]
[WhiteElo "2166"]
[BlackElo "2033"]
[PlyCount "131"]
[EventDate "2019.04.06"]
[EventType "swiss"]
[EventRounds "9"]
[EventCountry "ITA"]
[SourceTitle "CBM 189 Extra"]
[Source "ChessBase"]
[SourceDate "2019.06.03"]
[SourceVersion "1"]
[SourceVersionDate "2019.06.03"]
[SourceQuality "1"]

1. e4 e5 2. Nf3 Nc6 3. Bb5 a6 4. Ba4 Nf6 5. 0-0 Be7 6. Re1 b5 7. Bb3 d6 8. c3 0-0 9. h3 Bb7 10. d4 Re8 11. Nbd2 Bf8 12. Bc2 g6 13. Nf1 exd4 14. cxd4 Nb4 15. Bb1 Bxe4 16. Bxe4 Nxe4 17. Qb3 d5 18. Ne5 c5 19. a3 c4 20. Qd1 f6 21. f3 fxe5 22. axb4 Ng5 23. dxe5 Bxb4 24. Bxg5 Qxg5 25. Qxd5+ Kh8 26. Re2 Rad8 27. Qe4 a5 28. g4 Rd3 29. Kg2 Qd8 30. Ng3 Qd5 31. f4 c3 32. Qxd5 Rxd5 33. Ne4 cxb2 34. Rxb2 Re7 35. Rc1 Rd4 36. Re2 Kg7 37. Rc8 a4 38. f5 gxf5 39. gxf5 Rxe5 40. f6+ Kh6 41. Kf3 Rexe4 42. Rxe4 Rxe4 43. Kxe4 a3 44. Kf5 Bd6 45. Ke6 Bb4 46. Rg8 Bc5 47. Kd5 Bb4 48. Kc6 Bc3 49. f7 Bg7 50. Kxb5 a2 51. Ra8 Kg6 52. Rxa2 Kxf7 53. Rg2 Bf6 54. Kc4 h6 55. Kd5 Bg5 56. Ke5 Bh4 57. Kf5 Bg5 58. Rg4 Be7 59. Rg6 h5 60. Rh6 h4 61. Rh7+ Kf8 62. Kg6 Ke8 63. Kf5 Kd7 64. Ke5 Kd8 65. Ke6 Bg5 66. Rh5 1-0

[Event "Sachsen-Anhalt Landesliga B 18/19"]
[Site "Sachsen Anhalt"]
[Date "2019.02.24"]
[Round "7.2"]
[White "Schellmann, Frank"]
[Black "Heintel, Fred"]
[Result "1/2-1/2"]
[WhiteElo "2019"]
[BlackElo "1908"]
[PlyCount "65"]
[EventDate "2018.09.23"]
[EventType "team-tourn"]
[EventRounds "9"]
[EventCountry "GER"]
[SourceTitle "EXT 2022"]
[Source "ChessBase"]
[SourceDate "2021.10.06"]
[SourceVersion "1"]
[SourceVersionDate "2021.10.06"]
[SourceQuality "1"]
[WhiteTeam "Halle Einheit III"]
[BlackTeam "Piesteritz Gruen-Weiss"]
[WhiteTeamCountry "GER"]
[BlackTeamCountry "GER"]

1. e4 d6 2. d4 Nf6 3. Nc3 g6 4. f4 Bg7 5. Nf3 0-0 6. Bd3 c6 7. 0-0 Nbd7 8. e5 dxe5 9. fxe5 Nd5 10. Nxd5 cxd5 11. Qe1 Nb6 12. Qh4 f5 13. exf6 exf6 14. b3 Qd7 15. h3 Rf7 16. a4 a5 17. Re1 Bf8 18. Bd2 Qc7 19. Re8 Bd7 20. Rxa8 Nxa8 21. Nh2 Qb6 22. Re1 Nc7 23. Nf3 Ne8 24. Re2 Bb4 25. c3 Bd6 26. Bc2 Ng7 27. Qe1 Qc7 28. Qd1 Re7 29. Rxe7 Bxe7 30. Qe2 Be6 31. Bd3 b6 32. Bb5 Kf7 33. c4 1/2-1/2

[Event "Sachsen-Anhalt Landesliga B 18/19"]
[Site "Sachsen Anhalt"]
[Date "2018.11.25"]
[Round "4.2"]
[White "Schellmann, Frank"]
[Black "Just, Joachim"]
[Result "1/2-1/2"]
[WhiteElo "2019"]
[BlackElo "1939"]
[PlyCount "28"]
[EventDate "2018.09.23"]
[EventType "team-tourn"]
[EventRounds "9"]
[EventCountry "GER"]
[SourceTitle "EXT 2022"]
[Source "ChessBase"]
[SourceDate "2021.10.06"]
[SourceVersion "1"]
[SourceVersionDate "2021.10.06"]
[SourceQuality "1"]
[WhiteTeam "Halle Einheit III"]
[BlackTeam "Zeitz Motor"]
[WhiteTeamCountry "GER"]
[BlackTeamCountry "GER"]

1. e4 g6 2. d4 Bg7 3. Nc3 d6 4. f4 Nf6 5. Nf3 0-0 6. Be3 Nbd7 7. Qd2 c5 8. dxc5 Nxc5 9. e5 Ng4 10. 0-0-0 Nxe3 11. Qxe3 Qa5 12. Bc4 Be6 13. Bxe6 fxe6 14. Kb1 b5 1/2-1/2

[Event "IBCA World Cup 8th"]
[Site "Sofia"]
[Date "2018.07.26"]
[Round "6.1"]
[White "Avram, Sretko"]
[Black "Schellmann, Frank"]
[Result "1-0"]
[WhiteElo "2126"]
[BlackElo "2046"]
[PlyCount "89"]
[EventDate "2018.07.21"]
[EventType "team-tourn"]
[EventRounds "7"]
[EventCountry "BUL"]
[SourceTitle "CBM 185 Extra"]
[Source "ChessBase"]
[SourceDate "2018.07.29"]
[SourceVersion "1"]
[SourceVersionDate "2018.07.29"]
[SourceQuality "1"]
[WhiteTeam "Serbia (blind)"]
[BlackTeam "Germany (blind)"]
[WhiteTeamCountry "SRB"]
[BlackTeamCountry "GER"]

1. Nf3 Nf6 2. c4 g6 3. b3 Bg7 4. Bb2 0-0 5. g3 d5 6. cxd5 Nxd5 7. Bxg7 Kxg7 8. Bg2 Nc6 9. 0-0 e5 10. d3 Bg4 11. Re1 Qe7 12. Qc1 Rad8 13. Nc3 Rfe8 14. Nxd5 Rxd5 15. Qb2 Rb5 16. Rac1 f6 17. Nd2 Nd4 18. Ne4 Rd8 19. Nc3 c6 20. Nxb5 cxb5 21. h3 Be6 22. b4 Bd5 23. Bxd5 Rxd5 24. a3 Nc6 25. Qa2 Qd6 26. Rc3 Rd4 27. Rec1 Qd7 28. Kg2 a6 29. Qb3 h5 30. e3 Rd6 31. Qd1 e4 32. d4 Kh6 33. Qe2 f5 34. Rc5 h4 35. gxh4 Qd8 36. f4 exf3+ 37. Qxf3 Qxh4 38. Qg3 Qe4+ 39. Kh2 Rd7 40. Rg1 f4 41. Qh4+ Kg7 42. Rcg5 Ne7 43. Re5 Nf5 44. Rxg6+ Kxg6 45. Qg4+ 1-0

[Event "Sachsen-Anhalt Verbandsliga 2017/18"]
[Site "Sachsen Anhalt"]
[Date "2018.04.15"]
[Round "9.1"]
[White "Kuchynka, Lukas"]
[Black "Schellmann, Frank"]
[Result "1-0"]
[WhiteElo "2295"]
[BlackElo "2043"]
[PlyCount "55"]
[EventDate "2017.12.22"]
[EventType "team-tourn"]
[EventRounds "9"]
[EventCountry "GER"]
[SourceTitle "EXT 2020"]
[Source "ChessBase"]
[SourceDate "2019.10.17"]
[SourceVersion "1"]
[SourceVersionDate "2019.10.17"]
[SourceQuality "1"]
[WhiteTeam "Magdeburg Rochade"]
[BlackTeam "Halle Einheit"]
[WhiteTeamCountry "GER"]
[BlackTeamCountry "GER"]

1. d4 Nf6 2. Bf4 g6 3. Nc3 d5 4. e3 Bg7 5. h4 c6 6. Nf3 Bg4 7. Qd2 Nbd7 8. Ne5 Nxe5 9. Bxe5 Ne4 10. Nxe4 Bxe5 11. Nc5 Bf6 12. f3 Bc8 13. h5 Qd6 14. 0-0-0 b6 15. Nd3 g5 16. c3 c5 17. Ne5 0-0 18. f4 gxf4 19. exf4 cxd4 20. Qxd4 Bf5 21. h6 Rfd8 22. Bd3 Bg6 23. Rde1 Bxe5 24. Rxe5 f6 25. Rxd5 Qc7 26. f5 e5 27. Bc4 Kh8 28. Qh4 1-0

[Event "Sachsen-Anhalt Verbandsliga 2017/18"]
[Site "Sachsen Anhalt"]
[Date "2018.04.14"]
[Round "8.1"]
[White "Schellmann, Frank"]
[Black "Biastoch, Bennet"]
[Result "1-0"]
[WhiteElo "2018"]
[BlackElo "2148"]
[PlyCount "123"]
[EventDate "2017.12.22"]
[EventType "team-tourn"]
[EventRounds "9"]
[EventCountry "GER"]
[SourceTitle "EXT 2020"]
[Source "ChessBase"]
[SourceDate "2019.10.17"]
[SourceVersion "1"]
[SourceVersionDate "2019.10.17"]
[SourceQuality "1"]
[WhiteTeam "Halle Einheit"]
[BlackTeam "Magdeburg Aufbau Elbe II"]
[WhiteTeamCountry "GER"]
[BlackTeamCountry "GER"]

1. e4 c5 2. Nf3 d6 3. d4 cxd4 4. Nxd4 Nf6 5. Nc3 a6 6. h3 e5 7. Nde2 h5 8. Bg5 Be7 9. Ng3 h4 10. Nf5 Bxf5 11. exf5 Nbd7 12. Bc4 Nb6 13. Bb3 Qc7 14. 0-0 Nh7 15. Be3 0-0 16. Qg4 Bf6 17. Rad1 Rac8 18. Ne4 Rfd8 19. Nxf6+ Nxf6 20. Qxh4 d5 21. Qg3 Nc4 22. Bh6 Nh5 23. Qg5 Qb6 24. Qxh5 Qxh6 25. Qxh6 gxh6 26. Bxc4 Rxc4 27. c3 h5 28. Rd3 f6 29. Rfd1 d4 30. cxd4 exd4 31. b3 Rc5 32. Rxd4 Rxd4 33. Rxd4 Rxf5 34. Rd8+ Kf7 35. Rd7+ Kg6 36. Rxb7 Rd5 37. g3 Rd2 38. a4 Rd3 39. Kg2 Kf5 40. Rb6 a5 41. Rb5+ Kg6 42. Rxa5 Rxb3 43. Ra8 Ra3 44. a5 Kg7 45. a6 Kh7 46. g4 hxg4 47. hxg4 Kg7 48. f3 Kf7 49. Kf2 Kg6 50. Ke2 Kg7 51. Kf2 Kg6 52. Kg3 Kf7 53. Kh4 Kg7 54. f4 Ra4 55. f5 Ra1 56. Kg3 Ra3+ 57. Kf4 Ra4+ 58. Kf3 Kh7 59. g5 fxg5 60. a7 Kg7 61. f6+ Kh7 62. Kg3 1-0

[Event "Sachsen-Anhalt Landesliga B 18/19"]
[Site "Sachsen Anhalt"]
[Date "2018.03.24"]
[Round "8.2"]
[White "Philipp, Hans Joachim"]
[Black "Schellmann, Frank"]
[Result "1/2-1/2"]
[WhiteElo "1868"]
[BlackElo "2029"]
[PlyCount "65"]
[EventDate "2018.09.23"]
[EventType "team-tourn"]
[EventRounds "9"]
[EventCountry "GER"]
[SourceTitle "EXT 2022"]
[Source "ChessBase"]
[SourceDate "2021.10.06"]
[SourceVersion "1"]
[SourceVersionDate "2021.10.06"]
[SourceQuality "1"]
[WhiteTeam "Coethen Germania II"]
[BlackTeam "Halle Einheit III"]
[WhiteTeamCountry "GER"]
[BlackTeamCountry "GER"]

1. e4 e5 2. Nf3 Nc6 3. Bb5 a6 4. Bxc6 dxc6 5. 0-0 f6 6. d4 Bg4 7. c3 Bd6 8. Be3 Ne7 9. Nbd2 0-0 10. dxe5 fxe5 11. Qb3+ Kh8 12. Qxb7 Be6 13. Rfd1 Qe8 14. b3 Qh5 15. Ba7 Ng6 16. Nf1 Nf4 17. Ng3 Qg4 18. Nd2 h5 19. Be3 h4 20. h3 Qg6 21. Bxf4 exf4 22. Nf5 Bxf5 23. exf5 Qxf5 24. Qxc6 Rae8 25. Qf3 Re6 26. Re1 Rfe8 27. Kf1 Kg8 28. Nc4 Bc5 29. Rad1 Rxe1+ 30. Rxe1 Rxe1+ 31. Kxe1 Qb1+ 32. Qd1 Bxf2+ 33. Ke2 1/2-1/2

[Event "Sachsen-Anhalt Verbandsliga 2017/18"]
[Site "Sachsen Anhalt"]
[Date "2017.10.22"]
[Round "1.1"]
[White "Praczyk, Karl"]
[Black "Schellmann, Frank"]
[Result "1/2-1/2"]
[WhiteElo "2031"]
[BlackElo "2063"]
[PlyCount "140"]
[EventDate "2017.12.22"]
[EventType "team-tourn"]
[EventRounds "9"]
[EventCountry "GER"]
[SourceTitle "EXT 2020"]
[Source "ChessBase"]
[SourceDate "2019.10.17"]
[SourceVersion "1"]
[SourceVersionDate "2019.10.17"]
[SourceQuality "1"]
[WhiteTeam "Coethen Germania"]
[BlackTeam "Halle Einheit"]
[WhiteTeamCountry "GER"]
[BlackTeamCountry "GER"]

1. e4 e5 2. Nf3 Nc6 3. Bc4 Nf6 4. d3 Bc5 5. 0-0 0-0 6. a3 a6 7. Nc3 h6 8. Nd5 d6 9. Be3 Nxd5 10. Bxd5 Bxe3 11. fxe3 Ne7 12. Ba2 Ng6 13. Qe1 Qe7 14. Qg3 Be6 15. Bd5 c6 16. Bxe6 Qxe6 17. h4 f5 18. Qh3 Rae8 19. exf5 Qxf5 20. Qxf5 Rxf5 21. e4 Rf6 22. g3 d5 23. Rae1 Rfe6 24. Nd2 Nf8 25. Nb3 Nd7 26. a4 b6 27. Kg2 a5 28. Kh3 Nf6 29. Nd2 Kf7 30. Kg2 Ke7 31. exd5 cxd5 32. c4 Kd6 33. cxd5 Kxd5 34. Nb3 Rc8 35. Re2 Rc7 36. Rfe1 Nd7 37. d4 e4 38. Kh3 Nf6 39. g4 Rc4 40. g5 hxg5 41. hxg5 Nh5 42. Kg4 g6 43. Na1 Rxd4 44. Nc2 Rd3 45. Ne3+ Ke5 46. Nf1 Kd4 47. Ne3 Re7 48. Nc2+ Kc5 49. Rxe4 Rg3+ 50. Kh4 Rxe4+ 51. Rxe4 Rg2 52. Ne3 Rxb2 53. Rc4+ Kd6 54. Nc2 Rb1 55. Kg4 Rg1+ 56. Kh4 Ng7 57. Ne3 Rh1+ 58. Kg3 Ne6 59. Rg4 Rh5 60. Nc4+ Kc5 61. Nd2 Nxg5 62. Kf4 Ne6+ 63. Ke4 g5 64. Kf5 Nd4+ 65. Kg6 Rh4 66. Rg1 Rh2 67. Rc1+ Kd5 68. Nc4 Nf3 69. Nxb6+ Ke4 70. Nd7 Ra2 1/2-1/2

[Event "Bad Woerishofen op 33rd"]
[Site "Bad Woerishofen"]
[Date "2017.03.12"]
[Round "3"]
[White "Schellmann, Frank"]
[Black "Eichler, Christoph"]
[Result "1/2-1/2"]
[WhiteElo "2050"]
[BlackElo "2290"]
[PlyCount "43"]
[EventDate "2017.03.10"]
[EventType "swiss"]
[EventRounds "9"]
[EventCountry "GER"]
[SourceTitle "EXT 2018"]
[Source "ChessBase"]
[SourceDate "2017.10.13"]
[SourceVersion "1"]
[SourceVersionDate "2017.10.13"]
[SourceQuality "1"]

1. e4 e5 2. Nf3 Nc6 3. Bc4 Nf6 4. d3 Be7 5. 0-0 0-0 6. Re1 d6 7. a4 Na5 8. Ba2 c5 9. c3 Nc6 10. Na3 h6 11. h3 Be6 12. Bxe6 fxe6 13. Bd2 Nh5 14. b4 cxb4 15. cxb4 Qe8 16. b5 Nd4 17. Nxd4 exd4 18. Qg4 Qf7 19. Rf1 Rac8 20. Nc4 Nf6 21. Qe2 Nh5 22. Qg4 1/2-1/2

[Event "GER-ch 87th"]
[Site "Luebeck"]
[Date "2016.10.27"]
[Round "7"]
[White "Schellmann, Frank"]
[Black "Schoen, Ralf"]
[Result "1/2-1/2"]
[WhiteElo "2074"]
[BlackElo "2146"]
[PlyCount "82"]
[EventDate "2016.10.21"]
[EventType "swiss"]
[EventRounds "9"]
[EventCountry "GER"]
[SourceTitle "EXT 2018"]
[Source "ChessBase"]
[SourceDate "2017.10.13"]
[SourceVersion "1"]
[SourceVersionDate "2017.10.13"]
[SourceQuality "1"]

1. e4 d5 2. exd5 Qxd5 3. Nc3 Qa5 4. d4 Nf6 5. Nf3 c6 6. Bc4 Bg4 7. h3 Bxf3 8. Qxf3 e6 9. Bd2 Qb6 10. 0-0-0 Be7 11. Rhe1 0-0 12. g4 Rd8 13. Qe2 Nd5 14. Ne4 Nd7 15. Ng5 Nf8 16. Nf3 Qc7 17. h4 Bd6 18. Ne5 f6 19. Nd3 b5 20. Bb3 a5 21. g5 f5 22. a3 Rdb8 23. h5 a4 24. Bxd5 cxd5 25. Bb4 Bxb4 26. Nxb4 Qf4+ 27. Qe3 Qxe3+ 28. Rxe3 Rb6 29. Rde1 Kf7 30. Rc3 Rb7 31. Rc6 Raa7 32. Na6 Re7 33. Nc5 Rac7 34. Nd3 Rxc6 35. Ne5+ Ke8 36. Nxc6 Rc7 37. Ne5 Nd7 38. Nd3 Kf7 39. Nf4 Nf8 40. Kd2 Rc4 41. Kd3 Rc6 1/2-1/2

[Event "GER-ch 87th"]
[Site "Luebeck"]
[Date "2016.10.25"]
[Round "5"]
[White "Schellmann, Frank"]
[Black "Hirneise, Jens"]
[Result "1/2-1/2"]
[WhiteElo "2074"]
[BlackElo "2324"]
[PlyCount "78"]
[EventDate "2016.10.21"]
[EventType "swiss"]
[EventRounds "9"]
[EventCountry "GER"]
[SourceTitle "EXT 2018"]
[Source "ChessBase"]
[SourceDate "2017.10.13"]
[SourceVersion "1"]
[SourceVersionDate "2017.10.13"]
[SourceQuality "1"]

1. e4 d6 2. d4 Nf6 3. Nc3 e5 4. Nf3 Nbd7 5. Bc4 Be7 6. 0-0 0-0 7. a4 a6 8. a5 h6 9. h3 exd4 10. Qxd4 Ne5 11. Nxe5 dxe5 12. Qxd8 Rxd8 13. Nd5 Nxd5 14. Bxd5 c6 15. Bb3 Be6 16. Bxe6 fxe6 17. Be3 Rd7 18. Rfd1 Rad8 19. Rxd7 Rxd7 20. Kf1 Kf7 21. Ke2 Ke8 22. c3 Kd8 23. Rd1 Rxd1 24. Kxd1 Kd7 25. Bb6 c5 26. c4 h5 27. Kc2 Kc6 28. Kc3 g6 29. Kd3 Bg5 30. Kc2 Be7 31. Kc3 Bd6 32. Kb3 Bc7 33. Bxc7 Kxc7 34. h4 Kc6 35. Ka4 Kd6 36. Kb3 Kc6 37. Ka4 Kd6 38. Kb3 Kc6 39. Ka4 Kd6 1/2-1/2